Normal view MARC view
  • Carver, Clifford N.

Entry Nombre Personal

Number of records used in: 4

001 - NUMERO DE CONTROL

  • campo de control: 31558

003 - IDENTIFICADOR DE NUMERO DE CONTROL

  • campo de control: DLC

005 - FECHA Y HORA DE LA ÜLTIMA TRANSACCIÓN

  • campo de control: 20231019124154.0

008 - DATOS DE LONGITUD FIJA

  • campo de control de longitud fija: 850214n| acannaabn |a aaa c

010 ## - NÚMERO DE CONTROL DE LA BIBLIOTECA DEL CONGRESO

  • Número de control LC: n 84177049

035 ## - NUMERO DE CONTROL

  • Número de control: (OCoLC)oca01268686

040 ## - FUENTE DE CATALOGACIÓN

  • Agencia original de catalogación: UnM
  • Lenguaje de catalogación: spa
  • Agencia de transcripción: DLC
  • Agencia que lo modifica: DLC
  • Agencia que lo modifica: OCoLC
  • Agencia que lo modifica: MX-MxUPN

100 1# - ENCABEZAMIENTO - NOMBRE PERSONAL

  • Nombre personal: Carver, Clifford N.
  • Fuller form of name: (Clifford Nickels),
  • Fechas asociadas con el nombre: 1890-1965

400 1# - VEÁSE - NOMBRE DE PERSONA

  • Personal name: Carver, Clifford Nickels,
  • Dates associated with a name: 1890-1965

400 1# - VEÁSE - NOMBRE DE PERSONA

  • Personal name: Carver, Clifford,
  • Dates associated with a name: 1890-1965

670 ## - FUENTE EN LA QUE SE LOCALIZARON DATOS

  • Cita de la fuente: Carver family of New England, 1935:
  • Información localizada: portada (Clifford N. Carver)

670 ## - FUENTE EN LA QUE SE LOCALIZARON DATOS

  • Cita de la fuente: NUC pre-56
  • Información localizada: (hdg.: Carver, Clifford Nickels, 1890- ; usage: Clifford N. Carver; Clifford Nickels Carver)

670 ## - FUENTE EN LA QUE SE LOCALIZARON DATOS

  • Cita de la fuente: OCLC 1199151
  • Información localizada: (hdg.: Carver, Clifford N.; usage: Clifford Carver)

670 ## - FUENTE EN LA QUE SE LOCALIZARON DATOS

  • Cita de la fuente: NUCMC data provided by the Penobscot Marine Museum for Carver family papers, 1760-1975:
  • Información localizada: (Clifford Nickels Carver, d. 1965)

670 ## - FUENTE EN LA QUE SE LOCALIZARON DATOS

  • Cita de la fuente: Oxford junior : workbook 1, 1965:
  • Información localizada: portada (Clifford Carver)

902 ## - CATALOGADOR

  • Catalogador: Víctor Ruiz/191023